000 00210 a2200097 4500
001 15334
100 _aFrancillon R.J
245 _aUSAAF fighter units
260 _aLondon
_bOsprey p
_c
090 _c11971
_d11971
942 _aNUST-CAE
_cM
_c2193
999 _c250407
_d250407